000 01081nam a22002417a 4500
005 20240530110934.0
008 220221s2009 ua c g b 000 0 ara d
017 _bمصر. دار الكتب
020 _a9789953822471
040 _aEG-CaGPL
_cEG-CaGPL
082 0 4 _221
_a355.0217 /
_bهـ ا
100 0 _aهمام عبدالخالق عبدالغفور
245 1 0 _aاستراتيجية البرنامج النووى فى العراق فى اطار سياسات العلم والتكنولوجبا /
_cتاليف همام عبدالخالق عبدالغفور ، عبدالحليم ابراهيم الحجاج
260 _aبيروت :
_bمركز دراسات الوحدة العربية،
_c2009
300 _a240 ص ؛
_c24 سم
650 0 7 _aالمفاعلات النووية
_2qrmak
650 0 7 _aالاسلحة النووية
_2qrmak
650 0 7 _aالعلم والتكنولوجيا
_2qrmak
651 _2qrmak
_aالعراق
700 _aعبدالحليم ابراهيم الحجاج
942 _2ddc
_cBK
999 _c66710
_d66710